<?xml version="1.0" encoding="UTF-8"?><?xml-stylesheet type="text/xsl" href="static/style.xsl"?><OAI-PMH xmlns="http://www.openarchives.org/OAI/2.0/" xmlns:xsi="http://www.w3.org/2001/XMLSchema-instance" xsi:schemaLocation="http://www.openarchives.org/OAI/2.0/ http://www.openarchives.org/OAI/2.0/OAI-PMH.xsd"><responseDate>2026-04-13T02:43:21Z</responseDate><request verb="GetRecord" identifier="oai:www.recercat.cat:2117/104235" metadataPrefix="marc">https://recercat.cat/oai/request</request><GetRecord><record><header><identifier>oai:recercat.cat:2117/104235</identifier><datestamp>2026-02-09T06:44:59Z</datestamp><setSpec>com_2072_1033</setSpec><setSpec>col_2072_452950</setSpec></header><metadata><record xmlns="http://www.loc.gov/MARC21/slim" xmlns:dcterms="http://purl.org/dc/terms/" xmlns:xsi="http://www.w3.org/2001/XMLSchema-instance" xmlns:doc="http://www.lyncode.com/xoai" xsi:schemaLocation="http://www.loc.gov/MARC21/slim http://www.loc.gov/standards/marcxml/schema/MARC21slim.xsd">
   <leader>00925njm 22002777a 4500</leader>
   <datafield ind2=" " ind1=" " tag="042">
      <subfield code="a">dc</subfield>
   </datafield>
   <datafield ind2=" " ind1=" " tag="720">
      <subfield code="a">Jun, LEI</subfield>
      <subfield code="e">author</subfield>
   </datafield>
   <datafield ind2=" " ind1=" " tag="720">
      <subfield code="a">Lozano Galant, José Antonio</subfield>
      <subfield code="e">author</subfield>
   </datafield>
   <datafield ind2=" " ind1=" " tag="720">
      <subfield code="a">Nogal Macho, María</subfield>
      <subfield code="e">author</subfield>
   </datafield>
   <datafield ind2=" " ind1=" " tag="720">
      <subfield code="a">Xu, Dong</subfield>
      <subfield code="e">author</subfield>
   </datafield>
   <datafield ind2=" " ind1=" " tag="720">
      <subfield code="a">Turmo Coderque, José</subfield>
      <subfield code="e">author</subfield>
   </datafield>
   <datafield ind2=" " ind1=" " tag="260">
      <subfield code="c">2017-06</subfield>
   </datafield>
   <datafield ind2=" " ind1=" " tag="520">
      <subfield code="a">This is the peer reviewed version of the following article: [Lei, J., Lozano-Galant, J. A., Nogal, M., Xu, D., and Turmo, J. (2017) Analysis of measurement and simulation errors in structural system identification by observability techniques. Struct. Control Health Monit., 24: . doi: 10.1002/stc.1923.], which has been published in final form at http://onlinelibrary.wiley.com/wol1/doi/10.1002/stc.1923/full. This article may be used for non-commercial purposes in accordance with Wiley Terms and Conditions for Self-Archiving.</subfield>
   </datafield>
   <datafield ind2=" " ind1=" " tag="520">
      <subfield code="a">During the process of structural system identification, errors are unavoidable. This paper analyzes the effects of measurement and simulation errors in structural system identification based on observability techniques. To illustrate the symbolic approach of this method a simply supported beam is analyzed step-by-step. This analysis provides, for the very first time in the literature, the parametric equations of the estimated parameters. The effects of several factors, such as errors in a particular measurement or in the whole measurement set, load location, measurement location or sign of the errors, on the accuracy of the identification results are also investigated. It is found that error in a particular measurement increases the errors of individual estimations, and this effect can be significantly mitigated by introducing random errors in the whole measurement set. The propagation of simulation errors when using observability techniques is illustrated by two structures with different measurement sets and loading cases. A fluctuation of the observed parameters around the real values is proved to be a characteristic of this method. Also, it is suggested that a sufficient combination of different load cases should be utilized to avoid the inaccurate estimation at the location of low curvature zones.</subfield>
   </datafield>
   <datafield ind2=" " ind1=" " tag="520">
      <subfield code="a">Peer Reviewed</subfield>
   </datafield>
   <datafield ind2=" " ind1=" " tag="520">
      <subfield code="a">Postprint (author's final draft)</subfield>
   </datafield>
   <datafield tag="653" ind2=" " ind1=" ">
      <subfield code="a">Àrees temàtiques de la UPC::Enginyeria civil::Materials i estructures</subfield>
   </datafield>
   <datafield tag="653" ind2=" " ind1=" ">
      <subfield code="a">Structural analysis (Engineering)</subfield>
   </datafield>
   <datafield tag="653" ind2=" " ind1=" ">
      <subfield code="a">structural system identification</subfield>
   </datafield>
   <datafield tag="653" ind2=" " ind1=" ">
      <subfield code="a">stiffness method</subfield>
   </datafield>
   <datafield tag="653" ind2=" " ind1=" ">
      <subfield code="a">observability technique</subfield>
   </datafield>
   <datafield tag="653" ind2=" " ind1=" ">
      <subfield code="a">measurement error</subfield>
   </datafield>
   <datafield tag="653" ind2=" " ind1=" ">
      <subfield code="a">simulation error</subfield>
   </datafield>
   <datafield tag="653" ind2=" " ind1=" ">
      <subfield code="a">observability flow</subfield>
   </datafield>
   <datafield tag="653" ind2=" " ind1=" ">
      <subfield code="a">Estructures, Teoria de les</subfield>
   </datafield>
   <datafield ind2="0" ind1="0" tag="245">
      <subfield code="a">Analysis of measurement and simulation errors in structural system identification by observability techniques</subfield>
   </datafield>
</record></metadata></record></GetRecord></OAI-PMH>